000 00537nam a22002177a 4500
003 UA-OsUOA
001 68628
007 ta
008 20100510b un ||||| |||| 00| 0 ukr d
100 _aДубов В.
090 _a94(477)
_bД79
942 _cSA
040 _aUA-OsUOA
_bfre
_cUA-OsUOA
_dUA-OsUOA
245 _aУряд України у роки війни
300 _aС.6
955 _a0
041 _afre
080 _a94(477)
773 0 _w68626
650 7 _a9 Географія. Біографії. Історія
_2UDC
999 _c354884
_d354884